Fictional Police Officers by Picture - Statistics

General Stats
  • This quiz has been taken 38 times
  • The average score is 7 of 24
Answer Stats
Picture Answer % Correct
Harry Callaghan
77%
Clancy Wiggum
58%
Dana Scully
55%
Theo Kojak
52%
Joe Swanson
48%
James Gordon
45%
John McClane
45%
Axel Foley
42%
Clarice Starling
42%
Jacques Clouseau
42%
Rick Grimes
26%
Frank Bullitt
23%
Frank Drebin
23%
Jake Peralta
16%
Virgil Tibbs
16%
Gene Hunt
13%
Nicholas Angel
13%
Olivia Benson
13%
Jimmy McNulty
6%
Alonzo Harris
3%
Horatio Caine
3%
Bruce Robertson
0%
Catharine Cawood
0%
Steve Arnott
0%
No matching quizzes found
Score Distribution
Percent of People with Each Score
Percentile by Number Answered
Your Score History
You have not taken this quiz